000
00275nam a22001097a 4500
082
_a
519.72 VAJ'I
100
_a
VAJDA, S
_9
78622
245
_a
AN INTRODUCTION TO LINEAR PROGRAMMING AND THE THEORY OF GAMES
260
_a
USA
_b
MITHUEN & CO
_c
1966
300
_a
76P
942
_c
BK
999
_c
583733
_d
583733